000 00953cad a22002055a 4500
001 E153266
008 110704n xxk f 000 0 eng d
020 _a0954054067
035 _a(Sirsi) u153266
041 0 _aeng
110 2 _aScottish Civic Trust
_92679
245 0 0 _aNew uses for old buildings
_h[electronic resource]
260 _aGlasgow
_bScottish Civic Trust
_c[20-?]
520 _aLooks at the issues surrounding the re-use of older buildings, with case studies on railway buildings; textile mills; doocots; country houses; and churches. Includes information on sources of funding and other useful resources.
590 _aKA
651 4 _aScotland
_y1999-
690 _aBUILT ENVIRONMENT-BUILDING TYPES-ANCIENT MONUMENTS AND HISTORIC BUILDINGS
856 4 0 _uhttps://www.scottishcivictrust.org.uk/media/91771/new%20uses%20for%20old%20buildings%20finart%20v2.pdf
_zView the item free of charge at www.scottishcivictrust.org.uk
942 _n0
999 _c112440
_d112440